Oracle E-business suite 11i : implementing core financial applications (Record no. 5626)
[ view plain ]
| 000 -LEADER | |
|---|---|
| fixed length control field | 00511nam a2200157Ia 4500 |
| 003 - CONTROL NUMBER IDENTIFIER | |
| control field | SGT |
| 020 ## - INTERNATIONAL STANDARD BOOK NUMBER | |
| International Standard Book Number | 8126504404 |
| 082 ## - DEWEY DECIMAL CLASSIFICATION NUMBER | |
| Classification number | 658.10285576 |
| Item number | FOS |
| 100 ## - MAIN ENTRY--PERSONAL NAME | |
| Personal name | Foster, Susan, |
| 245 ## - TITLE STATEMENT | |
| Title | Oracle E-business suite 11i : implementing core financial applications |
| 260 ## - PUBLICATION, DISTRIBUTION, ETC. (IMPRINT) | |
| Name of publisher, distributor, etc | Wiley India Pvt. Ltd. |
| Place of publication, distribution, etc | N.Delhi |
| Year of Publication | 2006 |
| 300 ## - PAGE DESCRIPTION | |
| No. of Pages | 340p. |
| 650 ## - SUBJECT ADDED ENTRY--TOPICAL TERM | |
| Topical term or geographic name as entry element | MANAGEMENT |
| 653 ## - KEYWORDS--INDEX TERM | |
| Keyword term | CONCEPTS, ORACLE APPLICATIONS NAVIGATION, SETTING UP ORACLE APPLICATION,FLEXFIELDS, GENERAL LEDGER, MULTI-ORG, PAYABLES |
| 942 ## - ADDED ENTRY ELEMENTS (KOHA) | |
| Source of classification or shelving scheme | Dewey Decimal Classification |
| Koha item type | Books |
| Withdrawn status | Lost status | Source of classification or shelving scheme | Damaged status | Not for loan | Home library | Current library | Date acquired | SGTU | Total Checkouts | Full call number | Accession No. (Barcode) | Date last seen | Bill Date | Koha item type |
|---|---|---|---|---|---|---|---|---|---|---|---|---|---|---|
| Dewey Decimal Classification | SGT Engineering Library | SGT Engineering Library | 17/09/2013 | SGTU | 658.1028557585 FOS | FE6179 | 09/02/2015 | 09/02/2015 | Books |